000 00325 a2200085 4500
245 0 0 _aElektryczny sprzęt do użytku domowego i podobnego - Bezpieczeństwo użytkowania Część 1: Wymagania ogólne PN-EN 60335-1 /
_cKT nr 63.
246 1 3 _aPN-EN 60335-1
260 _aWarszawa :
_bKT nr 63,
_c2004.
300 _a131 stron ;
_c30 cm.
650 _aPolska norma
999 _c20866
_d20866